00498 a2200181 450000100060000002000150000604000240002110000260004524000320007124500270010330000070013036200090013744000110014665000310015794200070018895201040019599900170029970369 a8526006525 cAnchieta - Itaigara aSilva, Aracy Lopes da10aHistórias de verdadelpor10aHistórias de verdade a460 a2000 1aGlobal 4aLiteratura infanto-juvenil cBK 00104070a88.1b88.1d2023-11-21l0o028.5 SIL HISp3707/ITAr2023-11-21 20:05:21w2023-11-21yBK c70369d70369